Marcas Telefonicas en 30 Segundos - Estadísticas

Estadísticas generales
  • Esta prueba ha sido intentada 476 veces
  • La puntuación promedio es 5 de 13
Estadísticas de respuestas
Primera Letra Marca % Correcto
S Samsung
91%
A Apple
82%
N Nokia
66%
H Huawei
62%
X Xiaomi
58%
M Motorola
38%
O Oppo
35%
L LG
28%
S Sony
21%
B BlackBerry
13%
G Google
9%
H HTC
3%
O OnePlus
2%
No se encontraron pruebas coincidentes
Distribución de puntuación
Porcentaje de gente con cada puntuación
Porcentaje por número respondido
Historial de tus puntuaciones
No has intentado esta prueba.